00857nam a22002297a 4500999001900000005001700019010001500036020002700051035001400078037001300092082001500105100003200120245010100152250001300253260003100266270008000297300003400377500003000411700002800441942002900469952012900498 c158425d15842520181029105622.0 aENG-124391 c2695.00a9789386515599 aEN-107923 bDBAD/PUB a346.540436 aMulla, Sir Dinshaw Fadunji  aMulla the transfer of property act /cby Sir Dinshaw Fadunji Mulla [and] Poonam Pradhan Saxena  a13th ed. aGurgaonbLexis Nexisc2018 a14th floor,Building No-10, Tower-B,DLF Cyber City Phase-11bGurgaone122002 acccliv,1188p.c24cm(Hb)bill. aIt includes subject index a Saxena, Poonam Pradhan 2ddccENmMULh346.540436 001040718NFICaDBADbBNd2018-10-29eDBAD/PUBg2675.00l0o346.540436 MULpEN-107923r2018-10-29 00:00:00t1v2675.00yEN